Hệ phương trình Elliptic trong không gian Sobolev có trọng: Dáng điệu tiệm cận của nghiệm : Chuyên ngành toán giải tích

Nội dung đề tài giới thiệu tổng quan về bài táon và nêu ra các kết quả trước đó, một số kí hiệu và các kết quả về sự chuyển đổi giữa các không gina hàm, về phép nhúng, về một số bất đẳng thức, dáng điệu tiệm cận của nghiệm p...

Szczegółowa specyfikacja

Zapisane w:
Opis bibliograficzny
1. autor: Nguyễn, Thị Diễm Trang
Format: Książka
Język:Undetermined
Wydane: Cần Thơ Trường đại Học Cần Thơ 2008
Hasła przedmiotowe:
Etykiety: Dodaj etykietę
Nie ma etykietki, Dołącz pierwszą etykiete!
Thư viện lưu trữ: Trung tâm Học liệu Trường Đại học Cần Thơ
LEADER 01239nam a2200217Ia 4500
001 CTU_137109
008 210402s9999 xx 000 0 und d
082 |a 515 
082 |b Tr106 
088 |a 604601 
100 |a Nguyễn, Thị Diễm Trang 
245 0 |a Hệ phương trình Elliptic trong không gian Sobolev có trọng: Dáng điệu tiệm cận của nghiệm : 
245 0 |b Chuyên ngành toán giải tích 
245 0 |c Nguyễn Thị Diễm Trang ; Trần Minh Thuyết giáo viên hướng dẫn 
260 |a Cần Thơ 
260 |b Trường đại Học Cần Thơ 
260 |c 2008 
520 |a Nội dung đề tài giới thiệu tổng quan về bài táon và nêu ra các kết quả trước đó, một số kí hiệu và các kết quả về sự chuyển đổi giữa các không gina hàm, về phép nhúng, về một số bất đẳng thức, dáng điệu tiệm cận của nghiệm phụ thuộc vào cặp tham số. 
650 |a Mathematical analysis,Toán giải tích 
904 |i Tuyến 
980 |a Trung tâm Học liệu Trường Đại học Cần Thơ